| 000 | 00583nam a2200241 a 4500 | ||
|---|---|---|---|
| 001 | nice12345678 | ||
| 003 | IN_TiNIC | ||
| 005 | 20260116012919.0 | ||
| 008 | 050524s1912 lona grp 000 0 eng | ||
| 020 |
_a _c33.5 |
||
| 082 | 0 | 0 |
_a922.97 _bTAH |
| 100 | _aTaha, Hussein | ||
| 245 |
_aEgyptian Childhood _b the Autobiography of Taha Hussein |
||
| 260 |
_aLondon _bHeinemann _c1912 |
||
| 300 | _a65p | ||
| 500 | _aincludes index and biblioraphy | ||
| 505 | 2 | _anotes | |
| 650 | _aTaha Hussein | ||
| 650 | _aIslam-Egypt | ||
| 902 | _bSRS | ||
| 942 | _cBK | ||
| 999 |
_c8871 _d8871 |
||